| 000 | 00518nam a2200181 a 4500 | ||
|---|---|---|---|
| 005 | 20140310183553.0 | ||
| 008 | 111017s19uu xx 00 eng d | ||
| 020 | _a9781412902328 | ||
| 050 |
_aP 118 _b.Sa98 2010 |
||
| 100 | _aSaxton, Matthew | ||
| 245 |
_aChild language : _bacquisition and development / _cMatthew Saxton. |
||
| 260 |
_aLos Angeles : _bSage, _c2010. |
||
| 300 |
_a326 p. ; _c24 cm. |
||
| 650 | _aLanguage acquisition | ||
| 650 |
_aChildren _xLanguage |
||
| 942 |
_cBK _2lcc _kFOR |
||
| 999 |
_c24980 _d24980 |
||